000 01161cam a2200289 i 4500
999 _c46643
_d46643
001 20292
003 CO-MdFUSB
005 20171110083111.0
008 161018t1996 enk||||g |||| 00| 0 eng d
020 _a0-415-13998-8
040 _aCO-MdFUSB
_bEspañol
_cCO-MdFUSB
_dCO-MdFUSB
_erda
041 _aeng
082 _224
_a225.6
_bR632t
100 1 _aRobbins, Vernon K.
_eautor
245 1 4 _aThe tapestry of early Christian discourse
_b : Rhetoric, society and ideology
_c / Vernon K. Robbins
264 4 _aLondon:
_bRoutledge,
_c© 1996
300 _axiii, 278 páginas
336 _2rdacontent
_atexto
_btxt
337 _2rdamedia
_asin mediación
_bn
338 _2rdacarrier
_avolumen
_bnc
504 _aIncluye índices (páginas: 266-278)
505 0 0 _aEl desafío de la crítica socio-retórica - Nuevo trazado de los límites con la crítica socio-retórica - Cada lectura tiene un subtexto - Cada comparación tiene límites - Cada sentido tiene un contexto - Cada teología tiene una política - La promesa de la crítica socio-retórica
540 _aRústico
630 0 7 _aBiblia.
_pNuevo Testamento
942 _cBK